Aj naše skutky budú raz hodnotiť... Rozhovor s prof. Ing. Ondrejom Hroncom, DrSc.

Bibliographic Details
Main Authors: Hronec, Ondrej, 1938-2023 (Author), Kováč, J (Author)
Format: Article
Language:Slovak
Subjects:

MARC

LEADER 00000nab a2200000 a 4500
001 vtls001008234
003 SK-MaSNL
005 20260304021233.0
008 040720e20000000xo 0 slo
035 |a RV8834 
040 |a RVGKPD  |b slo  |c RVGKPD  |e AACR2 
041 0 |a slo 
044 |a xo  |c SK 
080 |a 371.1  |2 1981 
080 |a 929 Hronec, Ondrej  |2 1981 
100 1 |a Hronec, Ondrej,  |d 1938-2023  |4 aut  |9 190912 
245 1 0 |a Aj naše skutky budú raz hodnotiť...  |b Rozhovor s prof. Ing. Ondrejom Hroncom, DrSc. 
500 |a (rodisko) 
600 1 7 |a Hronec, Ondrej,  |d 1938-2023  |2 RVGKPD  |9 190912 
651 7 |a Gočovo (Slovensko)  |2 RVGKPD  |9 58511 
655 7 |a periodikum  |2 snkbucl  |9 29553 
700 1 0 |a Kováč, J  |4 aut  |9 307527 
773 0 8 |t Stromíš - Vlachovské noviny  |g Roč. 2, č.3-4 (2000), s. 1, 5 
852 |a ZVYKNI  |b KIS3GCP 
999 |c 2604513  |d 2606443